Dios en el nuevo mundo: una historia religiosa de América Latina
Guardat en:
| Autor principal: | |
|---|---|
| Format: | Llibre |
| Idioma: | espanyol |
| Publicat: |
Barcelona
Crítica
2012
|
| Edició: | 1a. ed |
| Matèries: | |
| Etiquetes: |
Afegir etiqueta
Sense etiquetes, Sigues el primer a etiquetar aquest registre!
|
MARC
| LEADER | 00000cam a2200000 a 4500 | ||
|---|---|---|---|
| 001 | UCC3948 | ||
| 003 | CL-VaPUC | ||
| 008 | 180622e20121000sp |||||||||||||||||spa|d | ||
| 020 | |a 9788498924251 | ||
| 082 | 0 | 4 | |a 980.02 |b LYN |2 21 |
| 100 | |a Lynch, John |e autor |9 598078 | ||
| 245 | 1 | 0 | |a Dios en el nuevo mundo: una historia religiosa de América Latina |
| 250 | |a 1a. ed | ||
| 300 | |a 540 p | ||
| 942 | |c BK | ||
| 945 | |d 20180622 13:48:00 |a arojas | ||
| 260 | |a Barcelona |b Crítica |c 2012 | ||
| 600 | 0 | |a Dios |9 314467 | |
| 650 | 0 | |a Historia religiosa |9 314583 | |
| 650 | 0 | |a Historia de América |9 266076 | |
| 650 | 7 | |a COLONIA |2 CL-VaPUC |9 598079 | |
| 650 | 0 | |a Independencia |9 344246 | |
| 583 | |a last modification |c 20180622 13:48:00 |k Rodrigo Vera | ||
| 999 | |c 371593 |d 371591 | ||
| 952 | |0 0 |1 0 |3 erd |4 0 |6 980_020000000000000_LYN_2012 |7 0 |8 A |9 488616 |a BIBHIS |b BIBHIS |i 5477808 |o 980.02 LYN 2012 |p 5477808 |r 2025-01-20 |w 2019-11-24 |y BK |z Catalogado en:20180622 |k HIS | ||